000 02479cam a2200337 4500500
005 20260412000344.0
041 _afre
042 _adc
100 1 0 _aLoubet, Paul
_eauthor
245 0 0 _aLes enjeux de la vaccination chez les patients atteints de cancer : focus sur les infections respiratoires
260 _c2026.
500 _a33
520 _aLes patients atteints de cancers solides présentent une vulnérabilité accrue aux infections respiratoires, liée à l’immunodépression induite par les traitements, à l’âge, aux comorbidités et à l’exposition hospitalière répétée. Les virus grippaux, le virus respiratoire syncytial (VRS), le SARS-CoV-2 et le pneumocoque sont responsables d’une morbi-mortalité significative dans cette population, y compris chez les patients en rémission, avec des conséquences directes sur le pronostic et la continuité des traitements oncologiques. Cet article fait le point sur le fardeau représenté par ces infections respiratoires évitables par la vaccination et souligne l’importance d’une stratégie vaccinale renforcée, intégrée à la prise en charge globale des patients atteints de cancer.
520 _aPatients with solid cancers are more vulnerable to respiratory infections due to treatment-induced immunosuppression, age, comorbidities and repeated hospital exposure. Influenza viruses, respiratory syncytial virus (RSV), SARS-CoV-2 and pneumococcus are responsible for significant morbidity and mortality in this population, including patients in remission, with direct consequences for the prognosis and continuity of oncological treatments. This article reviews the burden of these respiratory infections, which can be prevented by vaccination, and highlights the importance of a reinforced vaccination strategy as part of the overall management of cancer patients.
690 _acancer
690 _agrippe
690 _apneumocoque
690 _aSARS-CoV-2
690 _avaccins
690 _avirus respiratoires
690 _aVRS
690 _acancer
690 _ainfluenza
690 _apneumococcus
690 _arespiratory viruses
690 _aRSV
690 _aSARS-CoV-2
690 _avaccines
786 0 _nInnovations & Thérapeutiques en Oncologie | Volume 12 | N° Supp 1 | 2026-04-08 | p. 4-7 | 2431-3203
856 4 1 _uhttps://stm.cairn.info/revue-innovations-et-therapeutiques-en-oncologie-2026-HS1-page-4?lang=fr&redirect-ssocas=7080
999 _c2209667
_d2209667